|
|
|
|
| LEADER |
00000ngm a2200000 a 4500 |
| 001 |
vtls009168722 |
| 003 |
SK-MaSNL |
| 005 |
20260301170614.0 |
| 007 |
vd cvaizs |
| 008 |
071219s2007 xo 095 g vlfre |
| 040 |
|
|
|a SNK
|b slo
|c SNK
|e AACR2
|
| 041 |
1 |
|
|a fre
|a cze
|b cze
|h fre
|
| 044 |
|
|
|a xo
|c SK
|
| 072 |
|
7 |
|a 791
|x Film. Cirkus. Ľudová zábava
|2 konspekt
|
| 080 |
|
|
|a 791.221.2
|2 2001
|
| 080 |
|
|
|a (44)
|2 2001
|
| 080 |
|
|
|a (0.034.44)
|2 2001
|
| 130 |
0 |
|
|a Fantomas se dechaine
|l Česky
|9 537042
|
| 245 |
1 |
0 |
|a Fantomas se zlobí
|h videozáznam
|c [réžia André Hunebelle, Haroun Tazieff]
|
| 260 |
|
|
|a Bratislava
|b Intersonic
|c 2007
|
| 300 |
|
|
|a 1 videodisk (DVD) (95 min.)
|b fareb., stereo
|
| 500 |
|
|
|a Zvuk Dolby Digital ; obraz PAL 16:9
|
| 500 |
|
|
|a Vyšlo ako príloha mesačníka DVD HIT
|
| 511 |
0 |
|
|a Hrajú: Louis de Funes, Jean Marais
|
| 546 |
|
|
|a V originálnom franc. znení, dabing český, titulky české
|
| 650 |
0 |
7 |
|a filmová komédia
|2 SNKPH
|9 73961
|
| 650 |
0 |
7 |
|a celovečerné filmy
|2 SNKPH
|9 58404
|
| 655 |
|
7 |
|a DVD
|2 SNKPH
|9 70751
|
| 700 |
1 |
|
|a Funès, Louis de,
|d 1914-1983
|4 act
|9 176891
|
| 700 |
1 |
|
|a Marais, Jean,
|d 1913-1998
|4 act
|9 237812
|
| 700 |
1 |
|
|a Tazieff, Haroun
|4 drt
|9 537043
|
| 710 |
2 |
|
|a DVD HIT (mesačník)
|4 pbl
|9 474728
|
| 999 |
|
|
|c 828131
|d 830061
|
| 952 |
|
|
|a SNK
|b SNK
|y PREZ
|7 0
|p 17A0573922
|o snkSDVD 263
|i snk2007/27456
|8 0
|0 0
|1 0
|4 0
|d 2007-12-19
|l 0
|r 2026-02-24 03:28:03
|w 2026-02-24
|